Into science : Floating and sinking

Bibliographic Details
Main Author: Jennings,Terry
Format: Book
Published: Oxford : Oxford university press , 1990
Subjects:

MARC

LEADER 00000cam a2200000 7i4500
001 0000070073
005 20170212.0
008 170212
020 |a 0199182574 
090 0 0 |a SC   |b ENG 
100 1 |a Jennings,Terry 
245 1 0 |a Into science :   |b Floating and sinking   |c Terry Jennings 
260 |a Oxford :   |b Oxford university press ,   |c 1990 
650 0 |a Floating objects-for children 
999 |a 0000358905   |b Book   |c Children Collection   |e Cawangan Pontian 
999 |a 0000358926   |b Book   |c Children Collection   |e Cawangan Bandar Penawar 
999 |a 000358913   |b Book   |c Children Collection   |e Cawangan Batu Pahat 
999 |a 000358932   |b Book   |c Children Collection   |e Cawangan Batu Pahat